| 000 | 00415nam a2200157Ia 4500 | ||
|---|---|---|---|
| 008 | 230312s9999||||xx |||||||||||||| ||und|| | ||
| 020 | _a8-1-4200-8177-0 | ||
| 082 |
_a621.31244 _bJHA-S |
||
| 100 | _aJha;A.R | ||
| 245 | 0 | _aSolar Cell Technology and Applications | |
| 260 |
_bCRC Press _aUSA _c2010 |
||
| 300 | _a280 | ||
| 546 | _aEng. | ||
| 650 |
_aEngineering _vSolar Cell Technology and Applications |
||
| 942 | _cBK | ||
| 999 |
_c7901 _d7901 |
||